000 01738nam a2200217 i 4500
001 17770
003 ES-MaACL
005 20250803050536.0
007 t|
008 010522m19802000sp ||||1| spa d
020 _a0 521 23446 8
080 _a931
245 0 4 _aThe Cambridge ancient history.
260 _aCambridge :
_bUniversity Press,
_c1980-2000.
300 _a26 v. ;
_c23 cm.
500 _aPlates to volumen I, II, III, IV, V, VI, VII.
505 8 _aContiene: Vol. I. Part 1: Prologomena and prehistory -- Vol. I. Part 2A-2B: Early history of the middle east -- Vol. II. Part 1: History of the middle east and the aegean region : c. 1800-1380 B.C. -- Vol. II. Part 2A-2B: History of the middle east and the agean region: c. 1380-1000 B.C. -- Vol. III. Part 1: Middle east and the aegean world, tenth to eighth centuries B.C. -- Vol.III. Part 2: The Assyrian and Babylonyam Empires and other states of the near east, fron the eighth to the sixth centuries B.C. -- Vol. III. Part 3. The expansion of the greek world: eight to sixth centuries B.C. -- Vol. IV. The Persian empire and the west -- Vol. V. Athens: 478-401 B.C. -- Vol. VI: Macedon: 401-301 B.C. -- Vol. VII. Part 1: The hellenishc world -- Vol. VII. Part. 2: The rise of Rome to 220 B.C. -- Vol. VIII: Rome and the mediterraean: 218-133 B.C. -- Vol. IX: The Roman Republic: 133-44 B.C. -- Vol. X: The Augustan Empire: 44 B.C.- A.D. 70 -- Vol. XI: The Imperial pace: A.D. 70-192 -- Vol. XII : The Imperial crisis and recovery: AD. 193-324 -- Vol. XIII: The late empire: A.D. 337-425 -- Vol. XIV. Late antiquity: empire and successors, A.D. 425-600
650 1 7 _aHistoria antigua
_2embne
_913385
852 _aES-MaACL
_jP-975
_bR.112778
999 _c17770
_d17770